Abstracta : linguagem, mente e ação.

Saved in:
Bibliographic Details
Format: Journal
Language:Portuguese
English
Published: Rio de Janeiro, Brazil : [publisher not identified]
Subjects:
Tags: Add Tag
No Tags, Be the first to tag this record!
LEADER 01660cas a2200457 a 4500
001 010600237-6
005 20180126194508.0
006 m d
008 080812c20049999bl fr p s 0||| 0por d
010 |a  2009252833 
022 0 |a 1807-9792  |l 1807-9792  |2 k 
035 0 |a ocn243561181 
035 |a (Mrcit)1000000000280533 
041 0 |a por  |a eng 
042 |a pcc 
210 0 |a ABSTRACTA 
210 0 |a ABSTRACTA : LINGUAGEM, MENTE AND ACAO 
210 0 |a ABSTRACT 
210 0 |a Abstracta, ling., mente ação  |b (Rio J.) 
222 0 |a Abstracta : linguagem, mente e ação  |b (Rio de Janeiro) 
245 0 0 |a Abstracta :  |b linguagem, mente e ação. 
246 1 3 |a Abstracta, linguagem, mente & ação 
260 |a Rio de Janeiro, Brazil :  |b [publisher not identified] 
300 |a 1 online resource 
310 |a Semiannual 
336 |a text  |b txt  |2 rdacontent 
337 |a computer  |b c  |2 rdamedia 
338 |a online resource  |b cr  |2 rdacarrier 
362 1 |a Began with: Vol. 1, no. 1 (2004). 
546 |a In Portuguese or English. 
588 |a Description based on: Vol. 1, no. 1 (2004); title from table of contents (publisher's Web site, viewed July 1, 2009). 
588 |a Latest issue consulted: Vol. 5, no. 1 (2009) (viewed July 15, 2009). 
650 0 |a Knowledge, Theory of  |v Periodicals. 
650 0 |a Philosophy  |v Periodicals. 
650 0 |a Metaphysics  |v Periodicals. 
650 7 |a Knowledge, Theory of.  |2 fast  |0 (OCoLC)fst00988194 
650 7 |a Metaphysics.  |2 fast  |0 (OCoLC)fst01018304 
650 7 |a Philosophy.  |2 fast  |0 (OCoLC)fst01060777 
655 7 |a Periodicals.  |2 fast  |0 (OCoLC)fst01411641 
988 |a 20070720 
906 |0 MH